000 00809nam a2200205 a 4500
001 000017532
005 20200929165137.0
008 100326s2006 dr a 000 0 spa d
040 _aDO-SdBNP
_bspa
_cBNPHU
082 _a363.34
_bC397o
110 1 _aCentro de Investigación y Educación Popular
_932658
245 1 0 _aOrganización comunitaria para la prevención de desastres :
_bguía metodológica /
_cPresentación Walter Navarrete.
260 _aSanto Domingo :
_bCentro de Investigación y Educación Popular (CIEPO),
_c2006.
300 _a56 p. :
_bil. ;
_c19 cm.
650 4 _aDesastres naturales
_xOrganización
_938277
650 4 _aDesastres naturales
_xPrevención
_938278
650 4 _aSistemas de prevención de desastres naturales
_938279
700 1 _aNavarrete, Walter
_938280
049 _aBNPHD
999 _c17057
_d17057